Cuentos para el primer nivel ii : antología /

Guardado en:
Formato: Libro
Publicado: Buenos Aires : Colihue, 1983
Series:Leer y Crear, no. 36
Materias:
Etiquetas: Agregar Etiqueta
Sin Etiquetas, Sea el primero en etiquetar este registro!
LEADER 01690nam a22003135a 4500
001 CEM.cems000250
005 20060209000000.0
008 130507s1983##################000#0#####d
003 CEMS
020 |a 9505810360 
082 0 4 |a 808.8 
245 0 0 |a Cuentos para el primer nivel ii :  |b antología / 
260 |a Buenos Aires :  |b Colihue,  |c 1983 
300 |a 128 p. 
490 0 |a Leer y Crear, no. 36 
505 0 |a La piedra de hacer sopa -- Los fantasmas que jugaban a la pelota -- Bebé en el circo / Miguel Cané -- Los caracoles / Enrique Wernicke -- La carta de recomendación / Eduardo Wilde -- El refranero / Conrado Nalé Roxlo -- La ventana abierta / Héctor H. Munro (Saki) -- El chico de al lado / Ana María Matute -- El dragón / Ray Bradbury -- Prosas de mareo / Macedonio Fernández -- El doblón de oro / Enrique Anderson Imbert -- Cazador cazado / William W. Collins 
653 |a Cuentos ciencia ficción 
653 |a Cuentos fantásticos 
653 |a Cuentos humorísticos 
653 |a Cuentos policiales 
653 |a Cuentos realistas 
859 |a CEMS  |b BIB. CEMS - 11 de abril  |h 808.8  |i C894  |p 14876.87  |t Ej.1  |v 2  |3 2 
859 |a CEMS  |b BIB. CEMS - 11 de abril  |h 808.8  |i C894  |p 15021.88  |t Ej.2  |v 2  |3 2 
859 |a CEMS  |b BIB. CEMS - 11 de abril  |h 808.8  |i C894  |p 15022.88  |t Ej.3  |v 2  |3 2 
859 |a CEMS  |b BIB. CEMS - 11 de abril  |h 808.8  |i C894  |p 15023.88  |t Ej.4  |v 2  |3 2 
859 |a CEMS  |b BIB. CEMS - 11 de abril  |h 808.8  |i C894  |p 15352.89  |t Ej.5  |v 2  |3 2 
859 |a CEMS  |b BIB. CEMS - 11 de abril  |h 808.8  |i C894  |p 15353.89  |t Ej.6  |v 2  |3 2 
859 |a CEMS  |b BIB. CEMS - 11 de abril  |h 808.8  |i C894  |p 15354.89  |t Ej.7  |v 2  |3 2 
859 |a CEMS  |b BIB. CEMS - 11 de abril  |h 808.8  |i C894  |p 15382.89  |t Ej.8  |v 2  |3 2